|
|
|
|
| LEADER |
00856nam a2200229 a 4500 |
| 001 |
4530473 |
| 008 |
100428s1961 nyua b 001 0 eng d |
| 010 |
|
|
|a \\\60014612
|
| 040 |
|
|
|a DLC
|c ICU
|d DLC
|d BD-DhAAL
|
| 082 |
0 |
0 |
|a 153.8
|2 16
|
| 100 |
1 |
|
|a Brown, Judson Seise.
|
| 245 |
1 |
4 |
|a The motivation of behavior /
|c Judson Seise Brown.
|
| 260 |
|
|
|a New York
|b McGraw-Hill,
|c 1961.
|
| 300 |
|
|
|a xi, 404 p. :
|b illus. ;
|c 24 cm.
|
| 490 |
0 |
|
|a McGraw-Hill series in psychology
|
| 504 |
|
|
|a Includes bibliography.
|
| 541 |
1 |
|
|e 00000993
|
| 650 |
|
0 |
|a Human behavior.
|
| 650 |
|
0 |
|a Motivation (Psychology)
|
| 852 |
4 |
|
|a Ayesha Abed Library
|j General Shelf
|
| 999 |
|
|
|c 8299
|d 8299
|
| 952 |
|
|
|0 0
|1 0
|2 ddc
|4 0
|6 153_800000000000000_BRO_1961
|7 0
|9 9542
|a BRACUL
|b BRACUL
|c GEN
|d 2010-04-28
|g 0.00
|l 4
|m 2
|o 153.8 BRO
|p 3010000993
|r 2022-08-28
|s 2022-08-08
|t 1
|w 2010-04-28
|y BK
|z Not price in Register
|